000 003120000a22001330004500
041 0 _aENG
082 0 4 _aG 922 M9688m
100 1 _aMunroe, Florence
245 1 0 _aFor me to live / Florence Munroe
260 _aGreenwood, IN., USA : Oriental Missionary Society
300 _a87 Pag
001 11410
942 _cBK
999 _c40723
_d40723